000
00176nam a2200073Ia 4500
008
180219s9999 xx 000 0 und d
100
_a
Sharma Rama
245
0
_a
Gharh Vigyan Shiksharn
260
_a
Jaipur / Goel
999
_c
41204
_d
41204